000 00655nam a2200181Ia 4500
005 20250423094512.0
008 250422s9999 xx 000 0 und d
020 _a9780367644499
050 _aRA 643.645 .A78/
100 _aKrit, Salah-ddine
245 0 _aArtificial Applications in a pandemic COVID-19
260 _aRoca Ratan
260 _bCRC Press
260 _c2024
300 _aix, 141p.: ill.
650 _aArtificial intelligence—Medical applications Machine learning—Healthcare Deep learning—Disease diagnosis AI-driven diagnostics—COVID-19 AI in vaccine development Natural language processing—Medical research
942 _cBK
999 _c27425
_d27425